新幹線開業による在来線の改称駅 - Statistics

General Stats
  • This quiz has been taken 509 times
    66 since last reset
  • The average score is 7 of 17
Answer Stats
新幹線 在来線 旧駅名 現駅名 備考 % Correct
山陽新幹線 山陽本線 小郡 新山口 ※新幹線開業の28年後
85%
九州新幹線 鹿児島本線 西鹿児島 鹿児島中央
85%
東北新幹線 東北本線 (現 いわて銀河鉄道線) 沼宮内 いわて沼宮内
78%
北海道新幹線 函館本線 渡島大野 新函館北斗
75%
九州新幹線 鹿児島本線 船小屋 筑後船小屋
63%
北海道新幹線 海峡線 津軽今別 奥津軽いまべつ ※別駅扱い
61%
東北新幹線 東北本線 東那須野 那須塩原
53%
北陸新幹線 信越本線 (現 妙高はねうまライン) 脇野田 上越妙高
42%
山陽新幹線 山陽本線 玉島 新倉敷
36%
東北新幹線 東北本線 磐城西郷 新白河
34%
山形新幹線 奥羽本線 上ノ山 かみのやま温泉
31%
山形新幹線 奥羽本線 楯岡 村山
25%
東北新幹線 陸羽東線 陸前古川 古川 ※新幹線開業の2年前
22%
山陽新幹線 山陽本線 長門一ノ宮 新下関
17%
山形新幹線 奥羽本線 蟹沢 さくらんぼ東根
14%
東北新幹線 釜石線 矢沢 新花巻 ※別駅扱い
7%
九州新幹線 鹿児島本線 (現 肥薩おれんじ鉄道線) 初野 新水俣 ※改称前は信号場
3%
No matching quizzes found
Score Distribution
Percent of People with Each Score
Percentile by Number Answered
Your Score History
You have not taken this quiz since the last reset